000 00611nam a2200205Ia 4500
005 20241216011351.0
008 190429s9999||||xx |||||||||||||| ||und||
082 _a614.517
_bH56
100 _aHINOSTROZA ROBLES, NELLY MARLENI
245 0 _aACTITUDES DE PREVENCION Y TRATAMIENTO DE E.D.A. LEVE EN MADRES DE FAMILIA DEL ASENTAMIENTO HUMANO TUPAC AMARU
250 _a0
260 _aCERRO DE PASCO-PERU
_bUNDAC
_c1990
300 _a66 pag.
_c30 cm.
341 _h0
490 _v0
_a0
505 _aMATERIALES-METODOS-RESULTADOS
541 _aD
_d10-Sep-98
_oSoles
650 _aEnfermería
942 _cTESIS
999 _c39935
_d39935